Представление документа в формате RUSMARC

ПолеНазваниеЗначение
  Тип записи a
  Библиографический уровень m
001 Контрольный номер 7764ac02b13342a78284e88834b8b191
005 Дата корректировки 20140627093357.5
010 Индекс ISBN __
a ISBN 978-5-7598-0698-1
101 Язык документа 0_
a Язык текста rus
102 Страна публикации __
a Страна публикации RU
200 Заглавие и сведения об ответственности 1_
a Заглавие Организация и технология защиты информации: обнаружение и предотвращение информационных атак в автоматизированных системах предприятий
e Сведения, относящиеся к заглавию учеб. пособие
f Первые сведения об ответственности В. А. Сердюк
g Последующие сведения об ответственности Гос. ун-т-Высш. шк. экономики
210 Выходные данные 1_
c Издательство Изд. дом Гос. ун-та-Высшей школы экономики
a Место издания М.
d Дата издания 2011
215 Физическое описание __
a Объем 572, [4] с.
610 Ключевые слова 0_
a Ключевые слова информационная безопасность
610 Ключевые слова 0_
a Ключевые слова автоматизированные системы
610 Ключевые слова 0_
a Ключевые слова защита информации
610 Ключевые слова 0_
a Ключевые слова средства защиты
610 Ключевые слова 0_
a Ключевые слова информационная атака
610 Ключевые слова 0_
a Ключевые слова аутентификация пользователей
610 Ключевые слова 0_
a Ключевые слова законодательство
610 Ключевые слова 0_
a Ключевые слова нормативно-правовая база
610 Ключевые слова 0_
a Ключевые слова учебное пособие
686 Индексы других классификаций __
a Классификационный индекс 32.973.2я73
2 Код системы rubbk
686 Индексы других классификаций __
a Классификационный индекс 67.623.3я73
2 Код системы rubbk
700 Автор _1
a Фамилия Сердюк
b Имя В. А.
g Полное личное имя Виктор Александрович
711 Наименование организации. (Альтернативная ответственность) 02
a Организация/ юрисдикция Гос. ун-т-Высш. шк. экономики
801 Источник записи _0
a Страна RU
b Организация РУК
c Дата составления 20110901
g Правила каталогизации PSBO
801 Источник записи _1
a Страна RU
b Организация РУК
c Дата составления 20110901
g Правила каталогизации PSBO
852 Данные о местонахождении __
j Шифр хранения ББК 32
i Авторский знак С 32
901 Тип документа __
t Тип документа m
938 Служебная информация __
a Название организации Головной вуз
b Имя БД BOOK
c Название АИБС АИБС ИРБИС
938 Служебная информация __
a Название организации Сыктывкарский филиал